000 01514nam a2200313Ia 4500
003 OSt
005 20200826134126.0
008 191128s1995 ck ad gr 000 0 spa d
020 _a9581801243
040 _aCo-JMCR
_cCo-JMCR
041 0 _aspa
082 0 4 _a370.115 /
_bM678d
_223
110 1 _aMisión Ciencia, Educación y Desarrollo (Colombia)
_99244
245 0 _aDerecho, etnias y ecología :
_bfuentes complementarias II /
_cMisión Ciencia, Educación y Desarrollo; Ciro Angarita Barón, Liliana Caballero, Alejandro Gamboa Alder, [y otros 2]
250 _aPrimera edición
260 _aBogotá :
_bPresidencia de la República, Consejería Presidencial para el Desarrollo Institucional,
_c1955.
300 _a517 páginas :
_bgráficos a blanco y negro ;
_c24 cm.
490 0 _aColección documentos de la misión
504 _aBibliografía : páginas 515-517.
505 0 _aDiversidad étnica, Cultura y constitución colombiana de 1991, legitimidad de las diferencias: realidades, retos y respuestas / Ciro Angarita Barón -- El derecho de la ciencia, normatividad colombiana en ciencia y tecnología / Liliana Caballero
650 2 4 _aEtnología
_xAspectos sociales
_zColombia
_99276
650 2 4 _aEducación
_xColombia
_99277
650 2 4 _aCiencia y Estado
_xColombia
_99278
650 2 4 _aDerechos de autor
_98817
700 1 _aAngarita Barón, Ciro,
_eautor
_99279
700 1 _aCaballero, Liliana,
_eautora
_99280
700 1 _aGamboa Alder, Alejandro,
_eautor
_99281
942 _2ddc
_cBK
999 _c6073
_d6073